Contrato, propuesta técnica, términos de referencia y principales productos esperados (Record no. 9153)

MARC details
000 -LEADER
campo de control de longitud fija 00384nam a2200133Ia 4500
001 - NÚMERO DE CONTROL
campo de control 2623
008 - DATOS DE LONGITUD FIJA--INFORMACIÓN GENERAL
campo de control de longitud fija 241024s9999 xx 000 0 und d
082 ## - NÚMERO DE LA CLASIFICACIÓN DECIMAL DEWEY
Número de clasificación RD/370.97293/ID19c/1
100 ## - ENTRADA PRINCIPAL--NOMBRE DE PERSONA
Nombre de persona IDEICE
245 #0 - MENCIÓN DEL TÍTULO
Título Contrato, propuesta técnica, términos de referencia y principales productos esperados
260 ## - PUBLICACIÓN, DISTRIBUCIÓN, ETC.
Nombre del editor, distribuidor, etc. Santo Domingo
Fecha de publicación, distribución, etc. 2009
901 ## - ELEMENTOS DE DATOS A LOCAL LDA (RLIN)
a 29/11/2012 10:39:18 a.m.

No items available.

© 2024. Todos los Derechos Reservados. Desarrollado por IDEICE